Modern Indian literature: An anthology; Vol.2 Fiction
Salvato in:
| Natura: | Libro |
|---|---|
| Lingua: | Undetermined |
| Pubblicazione: |
Hamdard Marg, Delhi
Sahitya Akademi
1992
|
| Soggetti: | |
| Tags: |
Aggiungi Tag
Nessun Tag, puoi essere il primo ad aggiungerne! !
|
| Thư viện lưu trữ: | Trung tâm Học liệu Trường Đại học Cần Thơ |
|---|
| LEADER | 00513nam a2200169Ia 4500 | ||
|---|---|---|---|
| 001 | CTU_34016 | ||
| 008 | 210402s9999 xx 000 0 und d | ||
| 082 | |a 808.3 | ||
| 082 | |b M384/Vol.3 | ||
| 245 | 0 | |a Modern Indian literature: An anthology; Vol.2 | |
| 245 | 0 | |b Fiction | |
| 260 | |a Hamdard Marg, Delhi | ||
| 260 | |b Sahitya Akademi | ||
| 260 | |c 1992 | ||
| 650 | |a indic fiction - collections,indic literature - 20th century | ||
| 904 | |i Minh, 991118 | ||
| 980 | |a Trung tâm Học liệu Trường Đại học Cần Thơ | ||